000 00979namaa2200289 a 4500
001 vtls001223009
003 NLI
005 20210603171933.0
008 120330s1968 dcu r i0 0 0 eng
039 9 _y201203301739
_zVLOAD
040 _aNLI
_cVTLS-2012_FOD
_eAACR2
041 0 _adcu
082 _a362.10473
110 1 _aUnited States.
_bForest Service
_9459146
245 1 0 _aRegional directory leafy spurge control
260 _aWashington,D.C. :
_bDepartment of Agriculture,
_c1980
300 _a52 p. ;
_c24 cm.
650 0 _aHealth boards
_zUnited States
_vDirectories
_9660807
650 0 _aHealth officers
_zUnited States
_vDirectories
_9660808
650 0 _aPublic health personnel
_zUnited States
_vDirectories
_9660809
650 0 _aPublic Health Administration
_zUnited States
_vDirectory
_9660810
887 _a
901 _aAD 71033
_b14.07.2010
902 _aU.S 362.10473 Us 3 R
942 _2ddc
_cBKS
949 _AVIRTUAITEM
_D10000
_X100
_6ADX000071033ENG
999 _c526014
_d526014